अजगर (Record no. 163100)

MARC details
000 -LEADER
fixed length control field 00698nam a2200181Ia 4500
008 - FIXED-LENGTH DATA ELEMENTS--GENERAL INFORMATION
fixed length control field 090124s9999 xx 000 0 und d
082 ## - DEWEY DECIMAL CLASSIFICATION NUMBER
Item number 117014
100 ## - MAIN ENTRY--PERSONAL NAME
Personal name खानोलकर चिं.त्र्यं.(चिंतामणी त्र्यंबक)(आरती
245 ## - TITLE STATEMENT
Title अजगर
250 ## - EDITION STATEMENT
Edition statement 1
260 ## - PUBLICATION, DISTRIBUTION, ETC. (IMPRINT)
Date of publication, distribution, etc 1977
300 ## - PHYSICAL DESCRIPTION
Extent 93
600 ## - SUBJECT ADDED ENTRY--PERSONAL NAME
Personal name खानोलकर चिं.त्र्यं.(चिंतामणी त्र्यंबक)(आरती
630 ## - SUBJECT ADDED ENTRY--UNIFORM TITLE
Uniform title अजगर
700 ## - ADDED ENTRY--PERSONAL NAME
Personal name खानोलकर चिं.त्र्यं.(चिंतामणी त्र्यंबक)(आरती
730 ## - ADDED ENTRY--UNIFORM TITLE
Uniform title अजगर
942 ## - ADDED ENTRY ELEMENTS (KOHA)
Koha item type Book
Holdings
Withdrawn status Lost status Damaged status Not for loan Home library Current library Date acquired Cost, normal purchase price Total Checkouts Full call number Barcode Date last seen Cost, replacement price Price effective from Koha item type
        Marathi Granth Sangrahalaya,Thane Marathi Granth Sangrahalaya,Thane   10.00   117014 THNMGS-117014 01/24/2009 10.00 01/24/2009 Book